Urban terrorism in Pakistan challenges and counter strategies / (Record no. 535604)

000 -LEADER
fixed length control field 00518nam a22001577a 4500
020 ## - INTERNATIONAL STANDARD BOOK NUMBER
Qualifying information Hard Cover.
082 ## - DEWEY DECIMAL CLASSIFICATION NUMBER
Classification number 307.1
100 ## - MAIN ENTRY--PERSONAL NAME
Personal name Malik, Khurram Naeem
245 ## - TITLE STATEMENT
Title Urban terrorism in Pakistan challenges and counter strategies /
Statement of responsibility, etc. Khurram Naeem Malik.
260 ## - PUBLICATION, DISTRIBUTION, ETC.
Place of publication, distribution, etc. Islamabad:
Name of publisher, distributor, etc. SCEE NUST,
Date of publication, distribution, etc. 2017.
300 ## - PHYSICAL DESCRIPTION
Extent 78 p. :
Other physical details ill. ;
Dimensions 30cm.
942 ## - ADDED ENTRY ELEMENTS (KOHA)
Source of classification or shelving scheme
Koha item type Thesis
650 ## - SUBJECT ADDED ENTRY--TOPICAL TERM
Topical term or geographic name entry element Urban and Regional Planning MS-Thesis.
700 ## - ADDED ENTRY--PERSONAL NAME
Personal name Dr. Abdul Waheed
650 ## - SUBJECT ADDED ENTRY--TOPICAL TERM
-- 16266
700 ## - ADDED ENTRY--PERSONAL NAME
-- 16525
Holdings
Withdrawn status Lost status Source of classification or shelving scheme Damaged status Not for loan Permanent Location Current Location Shelving location Date acquired Total Checkouts Full call number Barcode Date last seen Price effective from Koha item type
          Central Library (CL) Central Library (CL) Thesis 09/18/2020   307.1 CL-T-5892 09/18/2020 09/18/2020 Thesis
© 2023 Central Library, National University of Sciences and Technology. All Rights Reserved.